| 000 | 00852nam a22002531 4500 | ||
|---|---|---|---|
| 001 | 23462 | ||
| 003 | BD-RjUL | ||
| 005 | 20211209000931.0 | ||
| 008 | 140311s1959 ilua 000 0 eng | ||
| 035 | _a(BD-RjUL)23527 | ||
| 035 | _a(OCoLC)166673 | ||
| 040 |
_aDLC _cODaWU _dOCoLC _dDLC _dBD-RjUL _beng |
||
| 041 | _aeng | ||
| 082 |
_a910.7 _bPLF 1959 |
||
| 100 | 1 |
_aPlatt, Robert S. _q(Robert Swanton), _d1891-1964, _972271 |
|
| 245 | 1 | 0 |
_aField study in American geography : _bthe development of theory and method exemplified by selections / _cRobert S Platt |
| 260 |
_aChicago, _c1959. |
||
| 300 |
_a405 p. : _bill. ; _c23 cm. |
||
| 490 | 0 |
_aUniversity of Chicago. Dept. of Geography. Research paper _vno. 61 |
|
| 650 | 0 |
_aGeography _xStudy and teaching _zUnited States. _972272 |
|
| 942 |
_2ddc _cBK |
||
| 999 |
_c23462 _d23462 |
||